Saul of Tarsus: (Record no. 5172)

000 -LEADER
fixed length control field 00532nam a2200181 a 4500
001 - CONTROL NUMBER
control field :::00002913$&:&@@
003 - CONTROL NUMBER IDENTIFIER
control field OkBaRHE
005 - DATE AND TIME OF LATEST TRANSACTION
control field 20000607103258.0
008 - FIXED-LENGTH DATA ELEMENTS--GENERAL INFORMATION
fixed length control field s1906 j 000 0 eng u
040 ## - CATALOGING SOURCE
Transcribing agency
100 1# - MAIN ENTRY--PERSONAL NAME
Personal name Miller, Elizabeth.
245 10 - TITLE STATEMENT
Title Saul of Tarsus:
Remainder of title a tale of the early Christians.
260 ## - PUBLICATION, DISTRIBUTION, ETC. (IMPRINT)
Place of publication, distribution, etc New York, NY., :
Name of publisher, distributor, etc A. Wessels Company
Date of publication, distribution, etc c1906
300 ## - PHYSICAL DESCRIPTION
Extent 442 p.
650 ## - SUBJECT ADDED ENTRY--TOPICAL TERM
Topical term or geographic name as entry element Paul
942 ## - ADDED ENTRY ELEMENTS (KOHA)
Source of classification or shelving scheme
Koha item type Books
Copies
Lost status Copy number Not for loan Source of classification or shelving scheme Full call number Damaged status Withdrawn status Price effective from Date acquired Barcode Shelving location Date last seen Permanent Location Koha item type
 1  BS 2505 .M5  2010-04-142010-04-142913General Stacks2018-03-16RHEMA Bible Training CollegeBooks